1869 1619 1157 1222 1437 1978 1979 1403 1713 1530 1945 1816 1450 1603 1744 1675 1288 1362 1509 1679 1210 1461 1241 1009 1113 1881 1796 1105 1328 1330 1982 1686 1300 1716 1633 1756 1050 1030 1081 1246 1580 1251 1824 1621 1066 1224 1957 1317 1958 1065 1427 1433 1037 1769 1504 1313 1141 1460 1922 1116 1032 1035 1251 1245 1385 1800 1131 1290 1696 1287 1073 1285 1164 1179 1827 1073 1637 1850 1461 1097 1404 1659 1129 1704 1007 1025 1591 1295 1055 1842 1771 1743 1022 1295 1687 1330 1289 1627 1938 BCNSPRNW ULIB Ver.6.0+V

เปลี่ยนเป็นภาษาไทย

Change to English
 แสดงรายละเอียดบรรณานุกรม
  กลับหน้าหลัก

Brief Record : Get Marc (ISO 2709) : E-mail record : QR code < ปิดหน้าต่าง
LEADER : 00000nam 2200000uu 4500
001    13399112330
003     ULIB
008    110627s||||||||th 000 0 tha d
020    9786160603770
090    นว.^bF111S มปป.
100 0  Fairy
245 00 Sweet lover...แผนการร้ายป่วนหัวใจเธอ/^cFairy
260    กรุงเทพฯ :^bแจ่มใส,^cมปป.
300    177 หน้า
710 1  แจ่มใส
945    ^p139^l0^i030390
995    ทศพร
999 ^a ใช้งานได้ทุกระบบ
รายการนี้ยังไม่มีแท็ก
คุณยังไม่ได้ล็อกอิน คุณสามารถมีกิจกรรมร่วมกับเว็บไซต์ได้ แต่ต้องล็อกอินก่อน ::
  ล็อกอิน

รายการสื่อสารสนเทศ

ลำดับที่ ประเภท เลขเรียก/บาร์โค้ด สถานที่ สถานะ
- ไม่พบข้อมูล -

BibComment


ยังไม่เคยถูกคอมเมนท์

คอมเมนท์ทรัพยากรรายการนี้
  คอมเมนท์: Sweet loverแผนการ..


 Copyright 2026. Bcnsprnw @Library